000 00897nas a2200253 454500
001 36512
005 20260407193509.0
008 260407s1981####ag###########|||spa#d
003 AR-UNSa-BCEJYS
040 _aAR-UNSa-BCEJYS
_bspa
_cAR-UNSa-BCEJYS
080 _a330.34
_xDesarrollo Económico
245 1 0 _aEstudios e informes de la CEPAL
022 _a0256-9795
264 1 _aSantiago de Chile :
_bCEPAL (Comisión Económica para América Latina y el Caribe)
_c1981
310 _aFrecuencia: Irregular
041 _aspa
942 _cSER
590 _aniveau_biblio:s niveau_hierar:1
100 1 _aNaciones Unidas. Comisión Económica para América Latina y el Caribe (CEPAL)
650 _aDesarrollo económico y social
650 _aAmérica Latina
650 _aPolítica económica
856 4 1 _uhttps://biblioeco.unsa.edu.ar/pmb/images/revistas/CEPAL.jpg
_yImagen de portada
_qimage/jpeg
999 _c8785
_d8785